| 000 | 00527nam a2200193 i 4500 | ||
|---|---|---|---|
| 001 | 67719 | ||
| 003 | ES-MaACL | ||
| 005 | 20230906170134.0 | ||
| 007 | t| | ||
| 008 | 040203s1962 sp ||||1| spa d | ||
| 100 | 1 |
_aGalot, Jean. _953669 |
|
| 245 | 1 | 3 |
_aEl corazón de María / _cJean Galot. |
| 260 |
_a[Bilbao] : _bDesclée de Brouwer, _c1962 ( _fEl Noticiero Bilbaíno) |
||
| 300 |
_a288 p. ; _c21 cm. |
||
| 490 | 1 | _aSpiritus | |
| 830 | 0 |
_aSpiritus _9181888 |
|
| 852 |
_aES-MaACL _jC-22273 _bR.50747 |
||
| 999 |
_c67719 _d67719 |
||